L'Islam au coeur de nos villes: entre foi et identité, peurs et revendications, pour une intégration citoyenne

Guardat en:
Dades bibliogràfiques
Autor principal: Corre, Jean-Michel (Autor)
Format: Llibre
Idioma:francès
Publicat: Bruselas Couleur Livres 2012
Edició:1a. ed
Col·lecció:Collection Question de Societé
Matèries:
Etiquetes: Afegir etiqueta
Sense etiquetes, Sigues el primer a etiquetar aquest registre!

MARC

LEADER 00000cam a2200000 a 4500
001 UCD1962
003 CL-VaPUC
008 160407e20120000be |||||||||||||||||fre|d
020 |a 9782870035207 
082 0 4 |a 297.197  |b COR  |2 21 
100 0 |a Corre, Jean-Michel  |e author  |9 585144 
245 1 2 |a L'Islam au coeur de nos villes: entre foi et identité, peurs et revendications, pour une intégration citoyenne 
250 |a 1a. ed 
300 |a 172 p 
942 |c BK 
945 |d 20160407 22:06:00  |a arojas 
260 |a Bruselas  |b Couleur Livres  |c 2012 
650 7 |a ISLAM  |2 CL-VaPUC  |9 349147 
650 0 |a Musulmanes  |9 332296 
650 7 |a RELACIONES ETNICAS  |2 CL-VaPUC  |9 435521 
651 7 |a BELGICA  |2 CL-VaPUC  |9 315122 
583 |a last modification  |c 20160407 22:06:00  |k Rodrigo Vera 
490 0 |a Collection Question de Societé 
999 |c 363170  |d 363168 
952 |0 0  |1 0  |3 erb  |4 0  |6 297_197000000000000_COR_2012  |7 0  |8 P  |9 475020  |a BIBARQ  |b BIBARQ  |i 5269083  |o 297.197 COR 2012  |p 5269083  |r 2025-01-20  |w 2019-11-24  |y BK  |z Catalogado en:20160407  |k ARQ